000 00758nam a2200253 i 4500
001 17574
003 ES-MaACL
005 20250911062634.0
007 t|
008 010404s2000 sp ||||1| spa d
020 _a84-233-3213-6
080 _a655.41(73)(091)
100 1 _aSchiffrin, André.
_9104348
245 1 3 _aLa edición sin editores /
_cAndré Schiffrin ; traducción de Eduard Gonzalo.
250 _a1ª ed.
260 _aBarcelona :
_bDestino,
_c2000.
300 _a150 p. ;
_c23 cm.
490 1 _aAncora y delfín ;
_v896
650 4 _aEdición-
_zEstados Unidos-
_vHistoria.
_912054
700 1 _aGonzalo, Eduard.
_959049
830 0 0 _aÁncora y Delfín
_v896
_9151298
852 _aES-MaACL
_jL-24498
_bR.129783
999 _c17574
_d17574